000 00351 a2200157 4500
001 69504
020 _a8598536032
040 _cAnchieta - Itaigara
100 _aBarros, Fabiana
240 1 0 _aAs aventuras de Lolly
_lpor
245 1 0 _aAs aventuras de Lolly
300 _a40
362 0 _a2004
650 4 _aLiteratura infanto-juvenil
942 _cBK
999 _c69504
_d69504